000 00774nam a2200181Ia 4500
008 100122s9999 xx 000 0 und d
082 _b17093
_a824
100 _aपरांजपे शि म
245 _aकाळांतील निवडक निबंध भाग - 9 (बॉक्स 3)
250 _a0
260 _bय.गो.जोशी
_c1946
300 _a181
520 _aपुस्तक बाजुला ठेवले आहे.
620 _aपुस्तक बाजुला ठेवले आहे.
630 _aकाळांतील निवडक निबंध भाग - 9 (बॉक्स 3)
730 _aकाळांतील निवडक निबंध भाग - 9 (बॉक्स 3)
942 _cBOOK
999 _c406924
_d406921